Sociálny marketing (východiská, špecifiká a jeho uplatnenie v praxi) dizertačná práca
Salvato in:
| Autore principale: | |
|---|---|
| Ente Autore: | |
| Altri autori: | |
| Natura: | Libro |
| Lingua: | slovacco |
| Pubblicazione: |
Bratislava
2011
|
| Soggetti: | |
| Tags: |
Nessun Tag, puoi essere il primo ad aggiungerne!!
|
MARC
| LEADER | 00000nam a2200000 4500 | ||
|---|---|---|---|
| 001 | 0141365 | ||
| 005 | 20221207094904.7 | ||
| 041 | 0 | |a slo | |
| 044 | |a SK | ||
| 245 | 1 | 0 | |a Sociálny marketing (východiská, špecifiká a jeho uplatnenie v praxi) |b dizertačná práca |c Jana Kováčová ; školiteľ: Viera Čihovská |
| 264 | 1 | |a Bratislava |c 2011 | |
| 300 | |a 152 s. | ||
| 610 | 2 | 0 | |a marketing sociálny |
| 610 | 2 | 0 | |a marketing mix |
| 610 | 2 | 0 | |a programy sociálne |
| 100 | 1 | |a Kováčová, Jana | |
| 700 | 1 | |a Čihovská, Viera | |
| 710 | 2 | |a Obchodná fakulta EU. Katedra marketingu | |